İçeriği atla
Inicio
Centros participantes
Catálogo
Servicios
Contacto
Giriş
English
Deutsch
Español
Français
Italiano
日本語
Nederlands
Português
Português (Brasil)
中文(简体)
中文(繁體)
Türkçe
עברית
Gaeilge
Cymraeg
Ελληνικά
Català
Euskara
Русский
Čeština
Suomi
Svenska
polski
Dansk
slovenščina
اللغة العربية
বাংলা
Galego
Tiếng Việt
Hrvatski
हिंदी
Հայերէն
Українська
Sámegiella
Dil
Tüm Alanlar
Materyal Adı
Yazar
Konu
Yer Numarası
ISBN/ISSN
Etiket
Ara
Gelişmiş
Los ( Mal) Tratados de Libre C...
Alıntıla
E-posta Gönder
Yazdır
Kaydı İhraç Et
İhraç Et RefWorks
İhraç Et EndNoteWeb
İhraç Et EndNote
Favorilerime ekle
Kalıcı bağlantı
İlk derecelendirmeyi ekleyin
Los ( Mal) Tratados de Libre Comercio /
Kaydedildi:
Detaylı Bibliyografya
Yazar:
Aguilar Sánchez, Carlos Guillermo
Müşterek Yazar:
DEI
Diğer Yazarlar:
comp
Materyal Türü:
Metin
Baskı/Yayın Bilgisi:
San José:
DEI
Etiketler:
Etiketle
Etiket eklenmemiş, İlk siz ekleyin!
Erişim Bilgileri
Diğer Bilgiler
Yorumlar
Benzer Materyaller
MARC Görünümü
MARC
LEADER
00000 a a2200000 04500
001
29784
003
040
020
|a
9977-83-142-4
090
|a
193305
100
|a
Aguilar Sánchez, Carlos Guillermo
110
|a
DEI
245
|a
Los ( Mal) Tratados de Libre Comercio /
|c
Carlos Guillermo Aguilar Sánchez
260
|a
San José:
|b
DEI
300
|a
198 p
700
|a
comp
999
|c
7904
|d
7904
Benzer Materyaller
Los ( Mal) Tratados de Libre Comercio /
Yazar:: Aguilar Sánchez, Carlos Guillermo
Los ( Mal) Tratados de Libre Comercio /
Yazar:: Aguilar Sánchez, Carlos Guillermo
Los ( Mal) Tratados de Libre Comercio /
Yazar:: Aguilar Sánchez, Carlos Guillermo
Los ( Mal) Tratados de Libre Comercio /
Yazar:: Aguilar Sánchez, Carlos Guillermo
Los ( Mal) Tratados de Libre Comercio /
Yazar:: Aguilar Sánchez, Carlos Guillermo